| 000 | 00539nam a2200229Ia 4500 | ||
|---|---|---|---|
| 003 | OSt | ||
| 005 | 20140313142008.0 | ||
| 008 | 140130s9999 xx 000 0 und d | ||
| 020 | _a9780516244518 | ||
| 050 |
_aTX 795 _b.Sn58 2003 |
||
| 100 | _aSynder, Inez | ||
| 245 |
_aMilk to ice cream / _cInez Synder. |
||
| 260 |
_bScholastic, _c2003. _anew York : |
||
| 300 |
_a24 p. : _bcol. ill. ; _c13 cm. |
||
| 440 | _v1 | ||
| 521 | _aG1 | ||
| 526 | _c220 | ||
| 942 |
_cBK _2lcc |
||
| 999 |
_c39986 _d39986 |
||